Vivienda e intervencin̤ social

Detalles Bibliográficos
Autor principal: Vz̀quez Aguado, Octavio
Otros Autores: Relinque Medina, Fernando
Formato: eBook
Lenguaje:español
Publicado: Madrid: Dykinson, 2016
Materias:
Acceso en línea:Acceso restringido

MARC

LEADER 00000nam a22000007a 4500
005 20170117235837.0
007 cr|||| ||||
008 170118s2016 es |||||s|||| 00||0 spa d
020 |a 978-84-9085-881-3 
035 |a 14652 
040 |a vLex 
090 |c 6523  |d 6523 
100 1 |a Vz̀quez Aguado, Octavio 
245 1 0 |a Vivienda e intervencin̤ social  |h [Recurso electrn̤ico] /  |c Octavio Vz̀quez Aguado, Fernando Relinque Medina 
256 |a Servicio en ln̕ea 
260 |a Madrid:  |b Dykinson,  |c 2016 
300 |a 1 recurso electrn̤ico 
500 |a El derecho a la vivienda aparece recogido en la Constitucin̤ Espaǫla. Pero es su funcin̤ social la que dota de importancia singular a la posibilidad o no de gozar de una vivienda puesto que, su ausencia, constituye una importante limitacin̤ para la satisfaccin̤ de otros derechos. A lo largo del siglo XXI hemos asistido a una transformacin̤ radical del concepto de vivienda. Ha pasado de ser considerada un derecho a poco ms̀ que un bien de inversin̤ en un contexto de crisis econm̤ica y social sin precedentes en la historia de nuestro pas̕. Las consecuencias de la implosin̤ de este cambio en torno a la vivienda han sido un sobredimensionamiento de la vivienda en propiedad frente a la vivienda de alquiler, una demanda creciente de vivienda protegida y un aumento del stock de viviendas vaca̕s que contraviene la funcin̤ social de la misma. Esta crisis, adems̀, ha supuesto un agravamiento del acceso a la vivienda de una parte significativa de la poblacin̤ que ha visto dificultado su derecho a la misma por no poder atender las obligaciones de una hipoteca en un contexto de desempleo, přdida de salario y recortes en polt̕icas pb︢licas motivados por la austeridad. Todo ello ha conllevado un cambio en las dinm̀icas de compra-venta y alquiler de inmuebles y ha supuesto un desafo̕ para la polt̕ica social en esta materia, que no es capaz de garantizar la consecucin̤ de este derecho fundamental y atender las necesidades sociales que de ľ se derivan. Aądamos a ello el acuciante deterioro tanto fs̕ico como social de las promociones de viviendas sociales que dificultan la integracin̤ y profundizan en la estigmatizacin̤ social de la poblacin̤ ms̀ vulnerable, la elevada morosidad en las viviendas pb︢licas de alquiler y la repercusin̤ de los procedimientos monitorios de desahucio que evidencian la necesidad de una reconceptualizacin̤ en el modelo de gestin̤ del parque pb︢lico de viviendas. El presente libro asume el reto de trazar las bases de este nuevo modelo de gestin̤ de viviendas sociales partiendo de los resultados de un anl̀isis en profundidad realizado en Andaluca̕ involucrando cuatro r̀eas: contexto sociodemogrf̀ico, gestin̤ e intervencin̤ pb︢lica, aspectos arquitectn̤icos y urbans̕ticos y la incidencia de los mismos en el riesgo social. 
506 1 |a Disponible solo en los productos indicados  |d vLex Global  |d vLex Global (Academic Edition, excluding Law Schools)  |d vLex Global (U.S. Academic Edition, Law Schools)  |d vLex Global (U.S. Academic Edition, excluding Law Schools)  |d vLex Global (Academic Edition, Law Schools) 
650 0 4 |a Derecho Civil  |z Espaą 
650 0 4 |a Derecho Laboral y Seguridad Social  |z Espaą 
650 0 4 |a Derecho Constitucional  |z Espaą 
700 1 |a Relinque Medina, Fernando 
740 0 |a vLex Libros (Servicio en ln̕ea) 
856 4 0 |u http://vlex.com/source/vivienda-e-intervencion-social-14652  |z Acceso restringido 
942 |c BOOK 
999 0 |a Civil Law 
999 0 |a Labor Law and Social Security 
999 0 |a Constitutional Law